| 000 | 00617nam a2200217 a 4500 | ||
|---|---|---|---|
| 999 |
_c934 _d934 |
||
| 001 | 934 | ||
| 003 | BD-JhCC | ||
| 005 | 20171011184517.0 | ||
| 008 | 171011s1957 eng |||| ||a| 001 0 eng d | ||
| 035 | _a(BD-JhCC)934 | ||
| 040 |
_aBD-JhCC _dBD-JhCC |
||
| 041 | _aeng | ||
| 082 |
_a428.24 _bFRS 1957 |
||
| 100 | _aFrisby, A. W. | ||
| 245 |
_aTeaching English / _bNotes And Comments On Teaching English Overses _c A. W. Frisby |
||
| 260 |
_aLondon : _bLongmans Green And Co, _c1957. |
||
| 300 |
_a342 p. : _bill, ; _c16 cm. |
||
| 650 |
_aEnglish _vForeign Speakers _xStudy And Teaching |
||
| 942 |
_2ddc _cBK |
||